Trzy prawdziwe i jedna fałszywa - flagi państw#2 - Statystyki

Ogólne statystyki
  • Ten quiz został rozwiązany 15 835 razy
  • Średni wynik to 13 z 15
Statystyki odpowiedzi
Zagadnienie Odpowiedź % Poprawnych
Która flaga jest fałszywa?
98%
Która flaga jest fałszywa?
97%
Która flaga jest fałszywa?
91%
Która flaga jest fałszywa?
90%
Która flaga jest fałszywa?
90%
Która flaga jest fałszywa?
89%
Która flaga jest fałszywa?
89%
Która flaga jest fałszywa?
88%
Która flaga jest fałszywa?
88%
Która flaga jest fałszywa?
83%
Która flaga jest fałszywa?
82%
Która flaga jest fałszywa?
78%
Która flaga jest fałszywa?
69%
Która flaga jest fałszywa?
65%
Która flaga jest fałszywa?
56%
Nie znaleziono quizów pasujących do podanych kryteriów
Rozkład punktacji
Procent ludzi z każdym wynikiem
Percentyl według liczby udzielonych odpowiedzi
Twoja historia wyników
Nie rozwiązałeś tego quizu